000 00407nam a22001577a 4500
005 20251108175330.0
008 250721s2009 xx 000 0 eng d
082 1 4 _aWB/338.9/DEV
245 1 0 _aDevelopment Outreach /
264 _bworld bank institute,
_c2009.
300 _a5 vol.
650 1 7 _aECONOMIC AND SOCIAL DEVELOPMENT
650 1 7 _aDEVELOPED COUNTRIES
942 _2ddc
_cBK
999 _c131629
_d131629